| 000 | 00354nam a2200133Ia 4500 | ||
|---|---|---|---|
| 008 | 240624s9999 xx 000 0 und d | ||
| 041 | _aeng | ||
| 082 | _a658.402 HAN | ||
| 100 | _aHANNA DAVID P | ||
| 245 | _aDESIGNING ORGANIZATIONS FOR HIGH PERFORM | ||
| 260 |
_c1988 _aNew York _bAddison Wesley |
||
| 300 | _axviii, : 198 : p. : cm. ; 25 | ||
| 365 |
_c _b28 |
||
| 999 |
_c5115 _d5115 |
||